| 000 | 00719cam a2200253 a 4500 | ||
|---|---|---|---|
| 001 | 2902816 | ||
| 003 | OSt | ||
| 005 | 20140310181627.0 | ||
| 008 | 870908s1986 ph d 000 0 eng | ||
| 010 | _a 87173197 | ||
| 020 | _a9710810731 | ||
| 040 |
_aDLC _cDLC _dDLC |
||
| 041 | 0 | _aengtag | |
| 050 | 0 | 0 |
_aPL 6057 _b.En36 2002 |
| 100 | 1 | _aEnglish, Leo James. | |
| 245 | 1 | 0 |
_aEnglish-Tagalog dictionary / _cEnglish, Leo James. |
| 260 |
_aMadaluyong City, Philippines : _bNational Book Store, _c2001. |
||
| 300 |
_a1211 p. ; _c20 cm. _bill. ; |
||
| 650 | 0 |
_aTagalog language _xDictionaries _xEnglish. |
|
| 906 |
_a7 _bcbc _corignew _d2 _encip _f19 _gy-gencatlg |
||
| 942 |
_2lcc _cBK |
||
| 999 |
_c353 _d353 |
||